000 00585cam a22002053a 4500
001 41447
003 PGUSA
005 20140828083931.0
008 121123s2012||||xxu|||||s|||||000 | eng d
040 _aPGUSA
_beng
042 _adc
100 1 _aPocock, Roger,
_d1865-1941
245 1 0 _aCurly :
_bA Tale of the Arizona Desert
_h[electronic resource] /
_cRoger Pocock
260 _bProject Gutenberg,
_c2012
506 _aPublic domain in the USA.
516 _aElectronic text
830 0 _aProject Gutenberg
_v41447
856 4 0 _uhttp://www.gutenberg.org/ebooks/41447
942 _cEB
999 _c270699
_d270699